| 000 | 02381nam a22003017a 4500 | ||
|---|---|---|---|
| 001 | 8555 | ||
| 003 | FISKH | ||
| 005 | 20250929152938.0 | ||
| 008 | 250929b cb ||||| |||| 00| 0 eng d | ||
| 020 | _a9789996301612 | ||
| 040 |
_aFISKH _bkhr _cFISKH _dFISKH |
||
| 050 | _aPZ7 | ||
| 100 | _aDawn, Dim | ||
| 245 |
_aទឹកចិត្តជីដូន : _bGrandmother's morale / _cនិពន្ធដោយ លោក ឌឹម ដន , កែសម្រួលដោយ អ្នកស្រី គឹមស៊ុន សុធារី |
||
| 260 |
_aPhnom Penh : _bReading Books , _c2012. |
||
| 300 |
_a24 pages : _bcolor illustrations ; _c25 cm . |
||
| 490 | _aពិភពរឿងនិទាន | ||
| 505 | _aM | ||
| 520 | _aរឿងនេះត្រូវបានរចនាឡើងដើម្បីអប់រំកុមារឱ្យមានការអត់ធ្មត់ និងស្រលាញ់ជីដូន ទោះបីជាជីដូនខ្លះមិនមានទ្រព្យសម្បត្តិ និងមិនបានរស់ជិតកូនចៅក៏ដោយ ក៏ពួកគេតែងមានសេចក្តីស្រលាញ់ និងការយកចិត្តទុកដាក់ចំពោះកូនចៅជានិច្ច។ អ្វីដែលសំខាន់នោះគឺការបណ្ដុះបណ្ដាលកុមារឲ្យដឹងថា យើងអាចរស់នៅទីក្រុង ឬជនបទក៏បាន ប៉ុន្តែគុណធម៌ និងការខិតខំប្រឹងប្រែងជារឿងសំខាន់។ | ||
| 520 | _aThis story is designed to educate children to be patient and love their grandma though some of them are not rich and don't live closely with their grandchildren, they always love and pay attention to their grandchildren and to make children aware that we can live in either cities or rural areas , but morality and hard work are of importance . | ||
| 521 | 8 |
_a550
_bLexile estimate |
|
| 521 | 8 |
_aM
_bRaz-Plus |
|
| 650 |
_aទឹកចិត្តជីដូន _vរឿងនិទានកុមារ |
||
| 650 |
_aGrandmother's morale _vChildren's stories |
||
| 700 |
_aVichit, Prom _eIllustrator |
||
| 942 |
_2ddc _cKHB _n0 |
||
| 999 |
_c8555 _d8555 |
||